000 00516nam a2200205Ia 4500
005 20250522104249.0
008 008 250516s9999 xx 000 0 eng d
020 _a9780367674489
040 _aSDCL
_beng
_cSDCL
041 _aeng
_2eng
084 _aV2,41C'P, R4
_qSDCL
100 _aSingh, M. P.
245 0 _aIndian national congress :
260 _aLondon:
_bRoutledge,
_c2024.
300 _a114p.
365 _aINR
_b1295
650 _aPolitical Science
700 _aSaxena, Rekha
942 _cTEXL
999 _c1429742
_d1429742